<?xml version="1.0" encoding="UTF-8"?><?xml-stylesheet type="text/xsl" href="static/style.xsl"?><OAI-PMH xmlns="http://www.openarchives.org/OAI/2.0/" xmlns:xsi="http://www.w3.org/2001/XMLSchema-instance" xsi:schemaLocation="http://www.openarchives.org/OAI/2.0/ http://www.openarchives.org/OAI/2.0/OAI-PMH.xsd"><responseDate>2026-04-17T17:08:19Z</responseDate><request verb="GetRecord" identifier="oai:www.recercat.cat:2445/131491" metadataPrefix="marc">https://recercat.cat/oai/request</request><GetRecord><record><header><identifier>oai:recercat.cat:2445/131491</identifier><datestamp>2025-12-05T16:53:24Z</datestamp><setSpec>com_2072_1057</setSpec><setSpec>col_2072_478823</setSpec><setSpec>col_2072_478917</setSpec></header><metadata><record xmlns="http://www.loc.gov/MARC21/slim" xmlns:dcterms="http://purl.org/dc/terms/" xmlns:xsi="http://www.w3.org/2001/XMLSchema-instance" xmlns:doc="http://www.lyncode.com/xoai" xsi:schemaLocation="http://www.loc.gov/MARC21/slim http://www.loc.gov/standards/marcxml/schema/MARC21slim.xsd">
   <leader>00925njm 22002777a 4500</leader>
   <datafield ind2=" " ind1=" " tag="042">
      <subfield code="a">dc</subfield>
   </datafield>
   <datafield ind2=" " ind1=" " tag="720">
      <subfield code="a">Garra Ticó, Jordi</subfield>
      <subfield code="e">author</subfield>
   </datafield>
   <datafield ind2=" " ind1=" " tag="720">
      <subfield code="a">Graugés Pous, Eugeni</subfield>
      <subfield code="e">author</subfield>
   </datafield>
   <datafield ind2=" " ind1=" " tag="720">
      <subfield code="a">BABAR Collaboration</subfield>
      <subfield code="e">author</subfield>
   </datafield>
   <datafield ind2=" " ind1=" " tag="260">
      <subfield code="c">2019-04-05T10:09:37Z</subfield>
   </datafield>
   <datafield ind2=" " ind1=" " tag="260">
      <subfield code="c">2019-04-05T10:09:37Z</subfield>
   </datafield>
   <datafield ind2=" " ind1=" " tag="260">
      <subfield code="c">2008-11-06</subfield>
   </datafield>
   <datafield ind2=" " ind1=" " tag="260">
      <subfield code="c">2019-04-05T10:09:38Z</subfield>
   </datafield>
   <datafield ind2=" " ind1=" " tag="520">
      <subfield code="a">We present the observation of the decay B 0 → χ c 0 K * 0 as well as evidence of B + → χ c 0 K * + , with an 8.9 and a 3.6 standard deviation significance, respectively, using a data sample of 454 × 10 6 Υ ( 4 S ) → B ¯¯¯ B decays collected with the BABAR detector at the PEP-II B meson factory located at the Stanford Linear Accelerator Center (SLAC). The measured branching fractions are B ( B 0 → χ c 0 K * 0 ) = ( 1.7 ± 0.3 ± 0.2 ) × 10 − 4 and B ( B + → χ c 0 K * + ) = ( 1.4 ± 0.5 ± 0.2 ) × 10 − 4 , where the first quoted errors are statistical and the second are systematic. We obtain a branching fraction upper limit of B ( B + → χ c 0 K * + ) &lt; 2.1 × 10 − 4 at the 90% confidence level.</subfield>
   </datafield>
   <datafield tag="653" ind2=" " ind1=" ">
      <subfield code="a">Física de partícules</subfield>
   </datafield>
   <datafield tag="653" ind2=" " ind1=" ">
      <subfield code="a">Experiments</subfield>
   </datafield>
   <datafield tag="653" ind2=" " ind1=" ">
      <subfield code="a">Particle physics</subfield>
   </datafield>
   <datafield tag="653" ind2=" " ind1=" ">
      <subfield code="a">Experiments</subfield>
   </datafield>
   <datafield ind2="0" ind1="0" tag="245">
      <subfield code="a">Observation of B0→χc0K*0 and evidence for B+→χc0K*+</subfield>
   </datafield>
</record></metadata></record></GetRecord></OAI-PMH>